Бумаги коллежского советника Каразина, относящиеся к Харьковскому университету

Доступно только в Электронных читальных залах Найти на картеНа карте
RUSMARC
00003661nmc2a2200000 x 450
001eaeefa7b-f80f-40aa-b293-2b90b588c1b0
00520170117092058.0
100##$a20140908l18041804k l0rusy0189 ca
1010#$arus
102##$aRU
2001#$aБумаги коллежского советника Каразина, относящиеся к Харьковскому университету
$j1804 г.
251##$cДело
300##$aДело
801#0$aRU
$bРГИА
$c20140908
$gRCR
801#1$aRU
$bГлавНИВЦ
$c20140908
$2rusmarc
801#2$aRU
$bПБ им. Б.Н. Ельцина
$c20170117
$gRCR
$2rusmarc
850##$aРГИА
852##$aРГИА
$eФедеральное казенное учреждение "Российский государственный исторический архив" (РГИА)
$j80
$lа
937##$hРГИА
$d11410237
$aASBIBLIO_SCAN
462#0$100161ae83b5-3a16-4a97-9a9d-47cd7be21f12
$12001
$a1802-1810 гг. Дела департамента полиции исполнительной за 1802 г.
$1251
$cОпись
$1852
$j1
461#0$10013e300ed0-cd39-49af-8489-5ba5b90fa401
$12001
$aДепартамент полиции исполнительной МВД
$1251
$cФонд
$1852
$j1286
215##$a54 л.
$d36,5x26 см
371##$aДокумент не является опубликованным и широко распространяемым
105##$aу###
1222#$ad
035##$aeaeefa7b-f80f-40aa-b293-2b90b588c1b0
856##$uhttp://readingroom.main.prlib.ru/item.aspx?id_node=n94405014&mode=full
Формат отображения